LEADER 01037nam a2200229 i 4500 001 000000119804 003 CaOOAMICUS 005 20091021000000.0 008 091021s1991 it u000 u ita u 013 $a92498 040 $aSeMil$bita 110 2 $aOblati dei Santi Ambrogio e Carlo$b.$0(OLS)http://semarc/name/5065 245 10$aAppunti di metodo per gli animatori dei Centri di Ascolto /$cMissionari Oblati di Rho ; a cura di P. Gianfranco Barbieri. 300 $a200 p. :$bill. 500 $aCon dedica autografa al Card. C.M. Martini. 700 1 $aBarbieri, Gianfranco,$d<1946- >.$0(OLS)http://semarc/name/4563 773 0 $aBarbieri, Gianfranco <1946- >$tMandati ad annunciare.$dPessano con Bornago (MI) : Mimep-Docete, 1991-$g1$w()10394 850 $aSeMil 852 $aSeMil$W1$xVenegono$y1$m2F I 94$j75011$B75011$CSeMilBibl$Z2$F86181 $81 941 1 $a4 961 $aOmaggio: Martini Card. Carlo Maria 996 $6245$aAppunti di metodo per gli animatori dei Centri di Ascolto$9(OLS)http://semarc/title/176174 LEADER 01062nam a2200193 i 4500 001 000000218001 003 CaOOAMICUS 005 20130110000000.0 008 130110s1750 xx u000 u lat u 013 $a196898 026 $ai.te Et91 e-i- 80ap (3) 1750 (R) 040 $aSeMil$bita 245 10$aTomus sextus, sex continens tractatus: 1. De quarto decalogi praecepto. 2. De quinto. 3. De sexto, et nono. 4. De octavo. 5. De beneficiis ecclesiasticis .. 300 $a[12], 398, [22] p. 500 $aSegn. : §6 A-2B8 2C10. 773 0 $aCarmelitani Scalzi : Collegio salmantino$tCollegii Salmanticensis ff. discalceatorum B. Mariae de Monte Carmeli ... Cursus theologiae moralis. Tomus 1. [-6.].$dVenetiis : Apud Nicolai Pezzana, 1750.$g6$w()4853 850 $aSeMil 852 $aSeMil$W1$xVenegono$y1$m2E VI 39 FA$j168415$B168415$CSeMilBibl$Z2$F179295 $8I 996 $6245$aTomus sextus, sex continens tractatus: 1. De quarto decalogi praecepto. 2. De quinto. 3. De sexto, et nono. 4. De octavo. 5. De beneficiis ecclesiasticis ..$9(OLS)http://semarc/title/313162